Kids show characters - Statistics

General Stats
  • This quiz has been taken 123 times
  • The average score is 5 of 15
Answer Stats
Hint Answer % Correct
Charlie Brown's dog Snoopy
86%
Yellow sponge Spongebob
78%
The monkey by Dora Boots
65%
Green ogre Shrek
60%
Queen of the trolls Poppy
58%
Black sheep by Aardman Shaun
31%
Wooly mammoth Manny
29%
The yellow bee Maya
25%
Evil bunny that tries to kill Max and Duke Snowball
18%
Half human and gem Steven
18%
A small girl that wears different shoes on her feet Franny
17%
A weird pig like creature that came from space ALF
9%
The pig with Maggie and be Beast Hamilton Hocks
8%
A small boy with a magic torch Jamie
8%
Pinky's pet rodent who'll be the star in the new DreamWorks film Mr Guinea Pig
6%
No matching quizzes found
Score Distribution
Percent of People with Each Score
Percentile by Number Answered
Your Score History
You have not taken this quiz